[Event "GER-ch Youth ODJM 2019"]
[Site "Willingen"]
[Date "2019.06.11"]
[Round "4.16"]
[White "Brunner, Tobias"]
[Black "Reimer, Philip"]
[Result "0-1"]
[WhiteElo "2017"]
[BlackElo "1891"]
[Annotator "NA"]
[PlyCount "122"]
[EventDate "2019.06.07"]
[EventType "swiss"]
[EventRounds "9"]
[EventCountry "GER"]
[SourceTitle "playchess.com"]
[Source "ChessBase"]
[SourceQuality "1"]
[TimeControl "40/5400+30:1800+30"]

1. e4 {[%emt 0:00:00]} c5 {[%emt 0:00:00]} 2. Nc3 {[%emt 0:00:00]} Nc6 {[%emt 0:00:00]} 3. f4 {[%emt 0:00:20]} g6 {[%emt 0:00:34]} 4. Nf3 {[%emt 0:01:34]} Bg7 {[%emt 0:00:07]} 5. Bc4 {[%emt 0:03:28]} e6 {[%emt 0:02:05]} 6. O-O {[%emt 0:01:38]} Nge7 {[%emt 0:00:22]} 7. d3 {[%emt 0:00:57]} d5 {[%emt 0:00:52]} 8. Bb3 {[%emt 0:00:59]} O-O {[%emt 0:02:47]} 9. a3 {[%emt 0:05:59]} Rb8 {[%emt 0:08:09]} 10. Ne2 {[%emt 0:08:14]} b5 {[%emt 0:05:09]} 11. c3 {[%emt 0:03:22]} a5 {[%emt 0:07:42]} 12. Bc2 {[%emt 0:07:34]} b4 {[%emt 0:04:32]} 13. axb4 {[%emt 0:02:14]} axb4 {[%emt 0:00:24]} 14. Qe1 {[%emt 0:03:06]} Qb6 {[%emt 0:08:40]} 15. Qh4 {[%emt 0:07:39]} dxe4 {[%emt 0:05:18]} 16. Ng5 {[%emt 0:01:58]} h6 {[%emt 0:00:19]} 17. Nxe4 {[%emt 0:00:25]} Nf5 {[%emt 0:01:27]} 18. Qf2 {[%emt 0:05:26]} Rd8 {[%emt 0:18:23]} 19. Qxc5 {[%emt 0:03:21]} Qb7 {[%emt 0:02:08]} 20. Qf2 {[%emt 0:06:35]} b3 {[%emt 0:06:30]} 21. Nc5 {[%emt 0:04:28]} Qb5 {[%emt 0:01:09]} 22. Nxb3 {[%emt 0:00:56]} Bb7 {[%emt 0:01:14]} 23. Nc5 {[%emt 0:01:12]} Ba8 {[%emt 0:03:06]} 24. Kh1 {[%emt 0:03:30]} e5 {[%emt 0:02:30]} 25. fxe5 {[%emt 0:02:32]} Nxe5 {[%emt 0:00:55]} 26. h3 {[%emt 0:02:25]} Rbc8 {[%emt 0:04:37]} 27. d4 {[%emt 0:00:33]} Qxe2 {[%emt 0:00:22]} 28. Bxf5 {[%emt 0:00:48]} Qxf2 {[%emt 0:01:53]} 29. Rxf2 {[%emt 0:00:46]} gxf5 {[%emt 0:00:28]} 30. Rxf5 {[%emt 0:02:00]} Ng6 {[%emt 0:02:34]} 31. Ra7 {[%emt 0:01:30]} Bxg2+ {[%emt 0:00:32]} 32. Kh2 {[%emt 0:00:33]} Bd5 {[%emt 0:00:21]} 33. Be3 {[%emt 0:06:22]} Re8 {[%emt 0:00:38]} 34. Rxd5 {[%emt 0:01:49]} Rxe3 {[%emt 0:00:12]} 35. Rdd7 {[%emt 0:00:18]} Rf3 {[%emt 0:04:31]} 36. Ne4 {[%emt 0:01:51]} Rb8 {[%emt 0:01:22]} 37. b4 {[%emt 0:01:52]} Nf8 {[%emt 0:02:05]} 38. Re7 {[%emt 0:01:07]} Ne6 {[%emt 0:00:01]} 39. Kg2 {[%emt 0:02:09]} Re3 {[%emt 0:01:47]} 40. Nc5 {[%emt 0:06:05]} Nf4+ {[%emt 0:00:47]} 41. Kf2 {[%emt 0:30:13]} Re4 42. Re6 Rxe6 {[%emt 0:30:42]} 43. Re7 {[%emt 0:00:43]} Nd5 {[%emt 0:01:42]} 44. Rd7 {[%emt 0:02:50]} Nxc3 {[%emt 0:00:28]} 45. Nd3 {[%emt 0:00:00]} Bf8 {[%emt 0:00:00]} 46. Ne5 {[%emt 0:00:00]} Ne4+ {[%emt 0:00:00]} 47. Ke3 {[%emt 0:00:00]} Nd6 {[%emt 0:00:00] Nc6 Rb6+} 48. d5 {[%emt 0:00:00]} Kg7 {[%emt 0:00:00]} 49. Ra7 {[%emt 0:00:00]} Nb7 {[%emt 0:00:00]} 50. Ra4 {[%emt 0:00:00]} Kf6 {[%emt 0:00:00]} 51. Ke4 {[%emt 0:00:00]} Bd6 {[%emt 0:00:00]} 52. Kd4 {[%emt 0:00:00]} Kg5 {[%emt 0:00:00]} 53. Kc4 {[%emt 0:00:00]} f5 {[%emt 0:00:00] Nd4 Nd8} 54. b5 {[%emt 0:00:00] Nf7 Ra7 Ne5+ Kc3} Kf6 {[%emt 0:04:48]} 55. Ra2 {[%emt 0:00:00]} Bc5 {[%emt 0:00:54]} 56. Rb2 {[%emt 0:00:00]} Bd4 {[%emt 0:00:31]} 57. Kxd4 {[%emt 0:00:00] Nd7 Kc4} f4 {[%emt 0:00:57]} 58. Ra2 {[%emt 0:00:00]} Kf5 {[%emt 0:01:24]} 59. Ra7 {[%emt 0:00:00] Rbd6 Kd4} h5 {[%emt 0:00:29] Rc7 f3 Ke3 Rxd5+} 60. b6 {[%emt 0:07:17] normal Nxb6+ Kxf3 Rd3+ Kg2 Nd5} Rc6 {[%emt 0:00:19] Kg7} 61. h4 {[%emt 0:00:38] Nf4+ Kf2 Rh3} Rc4+ {[%emt 0:00:51] normal Ng6} 0-1

[Event "GER-ch Youth ODJM 2019"]
[Site "Willingen"]
[Date "2019.06.12"]
[Round "5.1"]
[White "Wichert, Eddi"]
[Black "Astner, Sebastian"]
[Result "0-1"]
[WhiteElo "1702"]
[BlackElo "1870"]
[Annotator "NA"]
[PlyCount "80"]
[EventDate "2019.06.07"]
[EventType "swiss"]
[EventRounds "9"]
[EventCountry "GER"]
[SourceTitle "playchess.com"]
[Source "ChessBase"]
[SourceQuality "1"]
[TimeControl "40/5400+30:1800+30"]

1. e4 {[%emt 0:00:00]} c6 {[%emt 0:00:00]} 2. d4 {[%emt 0:00:00]} d5 {[%emt 0:00:00]} 3. e5 {[%emt 0:00:00]} Bf5 {[%emt 0:00:00]} 4. Nf3 {[%emt 0:00:00]} e6 {[%emt 0:00:00]} 5. Be2 {[%emt 0:00:09]} Nd7 {[%emt 0:00:14]} 6. O-O {[%emt 0:00:30]} h6 {[%emt 0:00:26]} 7. c4 {[%emt 0:07:54]} Ne7 {[%emt 0:02:58]} 8. Be3 {[%emt 0:07:26]} dxc4 {[%emt 0:03:24]} 9. Bxc4 {[%emt 0:03:32]} Nb6 {[%emt 0:00:36]} 10. b3 {[%emt 0:05:43]} Ned5 {[%emt 0:02:12]} 11. Bd3 {[%emt 0:06:16]} Bxd3 {[%emt 0:05:19]} 12. Qxd3 {[%emt 0:00:09]} Be7 {[%emt 0:02:19]} 13. Nbd2 {[%emt 0:02:42]} O-O {[%emt 0:04:40]} 14. Nc4 {[%emt 0:02:09]} Rc8 {[%emt 0:03:59]} 15. Rac1 {[%emt 0:04:59]} c5 {[%emt 0:07:34]} 16. Rfd1 {[%emt 0:08:39]} cxd4 {[%emt 0:05:27]} 17. Bxd4 {[%emt 0:04:49]} Nxc4 {[%emt 0:03:19]} 18. bxc4 {[%emt 0:06:36]} Nb4 {[%emt 0:01:08]} 19. Qe4 {[%emt 0:08:56]} Qc7 {[%emt 0:02:10]} 20. a3 {[%emt 0:03:20]} Nc6 {[%emt 0:01:01]} 21. Rc3 {[%emt 0:03:52]} Rfd8 {[%emt 0:03:20]} 22. Rdd3 {[%emt 0:04:54]} Nxd4 {[%emt 0:03:10]} 23. Nxd4 {[%emt 0:01:52]} a6 {[%emt 0:02:19]} 24. h3 {[%emt 0:00:43]} Bc5 {[%emt 0:02:10]} 25. Nc2 {[%emt 0:02:11]} Rxd3 {[%emt 0:04:26]} 26. Rxd3 {[%emt 0:00:36]} Rd8 {[%emt 0:01:46]} 27. Rb3 {[%emt 0:06:05]} b6 {[%emt 0:03:23]} 28. Ne3 {[%emt 0:02:01]} Rd4 {[%emt 0:02:07]} 29. Qa8+ {[%emt 0:01:09]} Kh7 {[%emt 0:00:08]} 30. Qxa6 {[%emt 0:01:23]} Qxe5 {[%emt 0:01:00]} 31. Qb5 {[%emt 0:01:58]} Rd2 {[%emt 0:01:49]} 32. Rb1 {[%emt 0:01:23]} Qf4 {[%emt 0:01:53]} 33. Rf1 {[%emt 0:03:57]} Bxe3 {[%emt 0:09:03]} 34. fxe3 {[%emt 0:00:21]} Qxe3+ {[%emt 0:01:40]} 35. Kh1 {[%emt 0:00:17]} Qe2 {[%emt 0:01:15]} 36. Rg1 {[%emt 0:00:04]} Qf2 {[%emt 0:01:22]} 37. a4 {[%emt 0:00:20]} Rb2 {[%emt 0:02:50]} 38. Qc6 {[%emt 0:00:24]} Qf5 {[%emt 0:01:45]} 39. Rc1 {[%emt 0:01:28]} Qf4 {[%emt 0:04:19]} 40. Re1 {[%emt 0:00:38]} Rb4 {[%emt 0:01:32] normal} 0-1

[Event "GER-ch Youth ODJM 2019"]
[Site "Willingen"]
[Date "2019.06.12"]
[Round "5.2"]
[White "Sinka, Silas"]
[Black "Navarro Jahnke, Eric"]
[Result "1-0"]
[WhiteElo "1292"]
[BlackElo "1259"]
[Annotator "NA"]
[PlyCount "61"]
[EventDate "2019.06.07"]
[EventType "swiss"]
[EventRounds "9"]
[EventCountry "GER"]
[SourceTitle "playchess.com"]
[Source "ChessBase"]
[SourceQuality "1"]
[TimeControl "40/5400+30:1800+30"]

1. d4 {[%emt 0:00:00]} d5 {[%emt 0:00:00]} 2. c4 {[%emt 0:00:00]} e6 {[%emt 0:00:06]} 3. e3 {[%emt 0:00:00]} c6 {[%emt 0:00:16]} 4. Nf3 {[%emt 0:00:00]} Nd7 {[%emt 0:00:20]} 5. b3 {[%emt 0:00:00]} Bd6 {[%emt 0:00:19]} 6. Bb2 {[%emt 0:00:00]} f5 {[%emt 0:00:42]} 7. Ne5 {[%emt 0:00:45]} Ngf6 {[%emt 0:02:51]} 8. Nd2 {[%emt 0:00:12]} O-O {[%emt 0:01:09]} 9. Ndf3 {[%emt 0:00:30]} Ne4 {[%emt 0:00:52]} 10. c5 {[%emt 0:00:37]} Bc7 {[%emt 0:00:42]} 11. Bc1 {[%emt 0:04:27]} Rb8 {[%emt 0:02:17]} 12. b4 {[%emt 0:02:54]} Rf6 {[%emt 0:03:15]} 13. Bd3 {[%emt 0:01:04]} Rh6 {[%emt 0:01:04]} 14. Bb2 {[%emt 0:11:30]} Nxe5 15. Nxe5 {[%emt 0:00:31]} Bxe5 {[%emt 0:02:58]} 16. dxe5 {[%emt 0:00:08]} Bd7 {[%emt 0:01:36]} 17. f3 {[%emt 0:03:24]} Qh4+ {[%emt 0:01:38]} 18. g3 {[%emt 0:01:03]} Nxg3 {[%emt 0:00:22]} 19. hxg3 {[%emt 0:00:43]} Qxg3+ {[%emt 0:00:44]} 20. Kd2 {[%emt 0:00:57]} Qg2+ {[%emt 0:00:39]} 21. Qe2 {[%emt 0:00:32]} Qxh1 {[%emt 0:01:11]} 22. Rxh1 {[%emt 0:00:09]} Rxh1 {[%emt 0:00:07]} 23. f4 {[%emt 0:00:47]} Kf7 {[%emt 0:01:36]} 24. Qg2 {[%emt 0:00:31]} Rh6 {[%emt 0:00:35]} 25. Be2 {[%emt 0:00:11]} Rg8 {[%emt 0:01:51]} 26. Kd3 {[%emt 0:00:40]} Ke7 {[%emt 0:00:57]} 27. Bc3 {[%emt 0:00:33]} Rg6 {[%emt 0:00:24]} 28. Qh3 {[%emt 0:00:14]} h5 {[%emt 0:01:01]} 29. Qh4+ {[%emt 0:00:57]} Kf8 {[%emt 0:00:38]} 30. Qd8+ {[%emt 0:00:36]} Be8 {[%emt 0:00:02]} 31. Bxh5 {normal} 1-0

[Event "GER-ch Youth ODJM 2019"]
[Site "Willingen"]
[Date "2019.06.12"]
[Round "5.3"]
[White "Savchenko, Daniel"]
[Black "Stelmaszyk, Nico"]
[Result "0-1"]
[WhiteElo "2120"]
[BlackElo "2174"]
[Annotator "NA"]
[PlyCount "58"]
[EventDate "2019.06.07"]
[EventType "swiss"]
[EventRounds "9"]
[EventCountry "GER"]
[SourceTitle "playchess.com"]
[Source "ChessBase"]
[SourceQuality "1"]
[TimeControl "40/5400+30:1800+30"]

1. e4 {[%emt 0:00:00]} c5 {[%emt 0:00:00]} 2. Nf3 {[%emt 0:00:00]} Nc6 {[%emt 0:00:00]} 3. d4 {[%emt 0:00:00]} cxd4 {[%emt 0:00:00]} 4. Nxd4 {[%emt 0:00:07]} Nf6 {[%emt 0:00:06]} 5. Nc3 {[%emt 0:00:09]} e5 {[%emt 0:00:06]} 6. Ndb5 {[%emt 0:02:20]} d6 {[%emt 0:00:09]} 7. Nd5 {[%emt 0:00:10]} Nxd5 {[%emt 0:00:05]} 8. exd5 {[%emt 0:00:07]} Nb8 {[%emt 0:00:04]} 9. c4 {[%emt 0:00:33]} Be7 {[%emt 0:00:18]} 10. Be2 {[%emt 0:00:24]} O-O {[%emt 0:00:08]} 11. Be3 {[%emt 0:00:07]} a6 {[%emt 0:00:22]} 12. Nc3 {[%emt 0:00:07]} f5 {[%emt 0:00:11]} 13. f4 {[%emt 0:00:13]} Nd7 {[%emt 0:00:18]} 14. Qd2 {[%emt 0:02:41]} Bf6 {[%emt 0:00:32]} 15. O-O {[%emt 0:00:11]} exf4 {[%emt 0:00:05]} 16. Bxf4 {[%emt 0:00:07]} Ne5 {[%emt 0:00:05]} 17. Rfc1 {[%emt 0:05:33]} Bd7 {[%emt 0:04:26]} 18. Kh1 {[%emt 0:03:17]} Rc8 {[%emt 0:03:21]} 19. Nd1 {[%emt 0:00:51]} Qe7 {[%emt 0:17:49]} 20. Rab1 {[%emt 0:08:37]} Ng6 {[%emt 0:07:44]} 21. Be3 {[%emt 0:00:54]} f4 {[%emt 0:01:20]} 22. Bf2 {[%emt 0:00:39]} Bf5 {[%emt 0:01:10]} 23. Bd3 {[%emt 0:02:07]} Bxd3 {[%emt 0:03:50]} 24. Qxd3 {[%emt 0:00:06]} Ne5 {[%emt 0:00:16]} 25. Qe4 {[%emt 0:00:41]} f3 {[%emt 0:03:13]} 26. g3 {[%emt 0:00:26]} Bg5 {[%emt 0:01:53]} 27. Rc2 {[%emt 0:02:22]} Qd7 {[%emt 0:04:02]} 28. Be3 {[%emt 0:02:21]} Qh3 {[%emt 0:04:30]} 29. Bg1 {[%emt 0:05:26]} Rxc4 {[%emt 0:02:48] normal} 0-1

[Event "GER-ch Youth ODJM 2019"]
[Site "Willingen"]
[Date "2019.06.12"]
[Round "5.4"]
[White "Petersen, Finn Christopher"]
[Black "Grossmann, Piet"]
[Result "1-0"]
[WhiteElo "1780"]
[BlackElo "1801"]
[Annotator "NA"]
[PlyCount "73"]
[EventDate "2019.06.07"]
[EventType "swiss"]
[EventRounds "9"]
[EventCountry "GER"]
[SourceTitle "playchess.com"]
[Source "ChessBase"]
[SourceQuality "1"]
[TimeControl "40/5400+30:1800+30"]

1. e4 {[%emt 0:00:00]} e6 {[%emt 0:00:00]} 2. g3 {[%emt 0:00:00]} d5 {[%emt 0:00:00]} 3. Bg2 {[%emt 0:00:00]} c5 {[%emt 0:02:13]} 4. exd5 {[%emt 0:03:44]} exd5 {[%emt 0:00:06]} 5. Ne2 {[%emt 0:03:21]} Nf6 {[%emt 0:08:35]} 6. O-O {[%emt 0:01:12]} Be7 {[%emt 0:01:41]} 7. d4 {[%emt 0:03:16]} O-O {[%emt 0:04:32]} 8. Nbc3 {[%emt 0:05:47]} Bg4 {[%emt 0:07:26]} 9. h3 {[%emt 0:07:42]} Bxe2 {[%emt 0:01:19]} 10. Nxe2 {[%emt 0:00:45]} Nc6 {[%emt 0:26:43]} 11. c3 {[%emt 0:17:44]} h6 {[%emt 0:04:54]} 12. Rb1 {[%emt 0:05:29]} Qd7 {[%emt 0:01:32]} 13. Be3 {[%emt 0:04:35]} c4 {[%emt 0:05:01]} 14. Kh2 {[%emt 0:05:06]} Bd6 {[%emt 0:01:58]} 15. Nf4 {[%emt 0:04:10]} Bxf4 {[%emt 0:00:47]} 16. Bxf4 {[%emt 0:00:44]} Rfe8 {[%emt 0:00:17]} 17. Qf3 {[%emt 0:05:38]} Re4 {[%emt 0:03:52]} 18. Bxh6 {[%emt 0:02:55]} Ng4+ {[%emt 0:09:25]} 19. hxg4 {[%emt 0:00:46]} gxh6 {[%emt 0:00:05]} 20. Rbe1 {[%emt 0:03:45]} Rae8 {[%emt 0:01:02]} 21. Rxe4 {[%emt 0:00:35]} Rxe4 {[%emt 0:00:24]} 22. Qd1 {[%emt 0:03:13]} Re6 {[%emt 0:03:27]} 23. Bh3 {[%emt 0:04:25]} Qe7 {[%emt 0:05:17]} 24. g5 {[%emt 0:01:08]} Rg6 {[%emt 0:02:14]} 25. gxh6 {[%emt 0:00:41]} Rxh6 {[%emt 0:01:16]} 26. Qg4+ {[%emt 0:00:58]} Rg6 {[%emt 0:00:50]} 27. Qf3 {[%emt 0:00:05]} Rd6 {[%emt 0:00:46]} 28. Qe3 {[%emt 0:00:51]} Re6 {[%emt 0:00:28]} 29. Bxe6 {[%emt 0:00:06]} fxe6 {[%emt 0:00:29]} 30. Kg2 {[%emt 0:01:02]} Kg7 {[%emt 0:00:45]} 31. Rh1 {[%emt 0:00:40]} Qf6 {[%emt 0:00:03]} 32. f4 {[%emt 0:00:51]} Qg6 {[%emt 0:01:52]} 33. Kf3 {[%emt 0:00:47]} a6 {[%emt 0:05:44]} 34. g4 {[%emt 0:00:50]} a5 {[%emt 0:01:24]} 35. g5 {[%emt 0:00:54]} Nd8 {[%emt 0:00:31]} 36. Qe5+ {[%emt 0:00:30]} Kf7 {[%emt 0:00:30]} 37. Qc7+ {[%emt 0:00:00] normal} 1-0

[Event "GER-ch Youth ODJM 2019"]
[Site "Willingen"]
[Date "2019.06.12"]
[Round "5.5"]
[White "Arnold, Rubina"]
[Black "Moldovan, Tudor"]
[Result "1-0"]
[WhiteElo "1329"]
[BlackElo "1030"]
[Annotator "NA"]
[PlyCount "109"]
[EventDate "2019.06.07"]
[EventType "swiss"]
[EventRounds "9"]
[EventCountry "GER"]
[SourceTitle "playchess.com"]
[Source "ChessBase"]
[SourceQuality "1"]
[TimeControl "40/5400+30:1800+30"]

1. e4 {[%emt 0:00:00]} c5 {[%emt 0:02:04]} 2. c3 {[%emt 0:00:00]} e6 {[%emt 0:00:12]} 3. Nf3 {[%emt 0:00:12]} a6 {[%emt 0:00:13]} 4. d4 {[%emt 0:00:14]} d5 {[%emt 0:00:08]} 5. e5 {[%emt 0:00:15]} Bd7 {[%emt 0:00:14]} 6. Be2 {[%emt 0:00:38]} cxd4 {[%emt 0:00:14]} 7. cxd4 {[%emt 0:00:21]} Bb5 {[%emt 0:00:07]} 8. O-O {[%emt 0:01:10]} Nc6 {[%emt 0:00:22]} 9. Nc3 {[%emt 0:00:21]} Bxe2 {[%emt 0:00:10]} 10. Qxe2 {[%emt 0:00:30]} Nge7 {[%emt 0:00:14]} 11. Bg5 {[%emt 0:00:58]} Qc7 {[%emt 0:00:54]} 12. Rac1 {[%emt 0:01:45]} Nf5 {[%emt 0:01:27]} 13. Qd2 {[%emt 0:04:54]} Bb4 {[%emt 0:01:00]} 14. a3 {[%emt 0:01:33]} Be7 {[%emt 0:00:53]} 15. Rfd1 {[%emt 0:01:28]} Bxg5 {[%emt 0:01:45]} 16. Qxg5 {[%emt 0:00:27]} Qe7 {[%emt 0:00:42]} 17. Qf4 {[%emt 0:01:31]} h5 {[%emt 0:01:08]} 18. h4 {[%emt 0:01:21]} Rg8 {[%emt 0:01:26]} 19. Ne2 {[%emt 0:00:57]} Nxh4 {[%emt 0:03:43]} 20. Qxh4 {[%emt 0:00:25]} Qxh4 {[%emt 0:00:24]} 21. Nxh4 {[%emt 0:00:07]} g5 {[%emt 0:00:12]} 22. Nf3 {[%emt 0:00:33]} h4 {[%emt 0:00:19]} 23. Rd3 {[%emt 0:01:41]} Ke7 {[%emt 0:00:56]} 24. Nh2 {[%emt 0:01:12]} Rg6 {[%emt 0:00:19]} 25. Ng4 {[%emt 0:00:13]} Rh8 {[%emt 0:00:31]} 26. Nc3 {[%emt 0:00:39]} b5 {[%emt 0:00:32]} 27. Nxb5 {[%emt 0:01:41]} axb5 {[%emt 0:00:42]} 28. Rxc6 {[%emt 0:00:11]} b4 {[%emt 0:00:52]} 29. axb4 {[%emt 0:00:16]} Ra8 {[%emt 0:00:14]} 30. Rdc3 {[%emt 0:00:24]} Ra4 {[%emt 0:00:53]} 31. Rc7+ {[%emt 0:00:09]} Kf8 {[%emt 0:00:19]} 32. Rb3 {[%emt 0:00:29]} Ra1+ {[%emt 0:00:18]} 33. Kh2 Rg7 {[%emt 0:01:20]} 34. b5 {[%emt 0:00:44]} f5 {[%emt 0:00:50]} 35. Rxg7 {[%emt 0:00:16]} Kxg7 {[%emt 0:00:13]} 36. Nf6 {[%emt 0:00:11]} Ra7 {[%emt 0:00:42]} 37. b6 {[%emt 0:00:32]} Rb7 {[%emt 0:00:18]} 38. g3 {[%emt 0:00:20]} hxg3+ {[%emt 0:00:23]} 39. Kxg3 f4+ {[%emt 0:01:15]} 40. Kg4 {[%emt 0:03:45]} f3 {[%emt 0:00:22]} 41. Kxf3 {[%emt 0:30:28]} g4+ {[%emt 0:30:24]} 42. Kxg4 {[%emt 0:00:17]} Kg6 {[%emt 0:01:03]} 43. f4 {[%emt 0:00:19]} Rb8 {[%emt 0:00:47]} 44. b7 {[%emt 0:00:20]} Rxb7 {[%emt 0:00:25]} 45. Rxb7 {[%emt 0:00:19]} Kh6 {[%emt 0:00:06]} 46. b4 {[%emt 0:00:13]} Kg6 {[%emt 0:00:30]} 47. b5 {[%emt 0:00:02]} Kh6 {[%emt 0:00:18]} 48. b6 {[%emt 0:00:03]} Kg6 {[%emt 0:00:08]} 49. Rb8 {[%emt 0:00:06]} Kh6 {[%emt 0:00:21]} 50. b7 {[%emt 0:00:05]} Kg7 {[%emt 0:00:25]} 51. Rg8+ {[%emt 0:00:15]} Kh6 {[%emt 0:00:29]} 52. Re8 {[%emt 0:00:11]} Kg6 {[%emt 0:00:26]} 53. b8=Q {[%emt 0:00:15]} Kh6 {[%emt 0:00:55]} 54. Qb7 {[%emt 0:00:13]} Kg6 {[%emt 0:00:21]} 55. Qh7# {normal} 1-0

[Event "GER-ch Youth ODJM 2019"]
[Site "Willingen"]
[Date "2019.06.12"]
[Round "5.7"]
[White "von der Weyden, Louis"]
[Black "Zieringer, Sebastian"]
[Result "1/2-1/2"]
[WhiteElo "1670"]
[BlackElo "1825"]
[Annotator "NA"]
[PlyCount "89"]
[EventDate "2019.06.07"]
[EventType "swiss"]
[EventRounds "9"]
[EventCountry "GER"]
[SourceTitle "playchess.com"]
[Source "ChessBase"]
[SourceQuality "1"]
[TimeControl "40/5400+30:1800+30"]

1. c4 {[%emt 0:00:00]} b6 {[%emt 0:00:00]} 2. Nc3 {[%emt 0:00:00]} Bb7 {[%emt 0:00:00]} 3. e4 {[%emt 0:00:00]} e6 {[%emt 0:00:00]} 4. d3 {[%emt 0:07:18]} d5 {[%emt 0:09:19]} 5. Bf4 {[%emt 0:00:55]} d4 {[%emt 0:02:01]} 6. Nce2 {[%emt 0:05:15]} Bb4+ {[%emt 0:00:36]} 7. Bd2 {[%emt 0:00:12]} Bxd2+ {[%emt 0:00:30]} 8. Qxd2 {[%emt 0:00:06]} c5 {[%emt 0:02:17]} 9. f4 {[%emt 0:07:21]} Nf6 {[%emt 0:06:52]} 10. h3 {[%emt 0:01:27]} Nh5 {[%emt 0:02:34]} 11. Nf3 {[%emt 0:05:52]} f5 {[%emt 0:01:45]} 12. e5 {[%emt 0:06:07]} Bxf3 {[%emt 0:01:25]} 13. gxf3 {[%emt 0:00:34]} Qh4+ {[%emt 0:00:15]} 14. Kd1 {[%emt 0:00:17]} Nc6 {[%emt 0:04:47]} 15. Qe1 {[%emt 0:03:13]} Qe7 {[%emt 0:01:29]} 16. Rg1 {[%emt 0:01:34]} Nb4 {[%emt 0:02:47]} 17. Qd2 {[%emt 0:01:11]} Qd7 {[%emt 0:02:11]} 18. Ng3 {[%emt 0:02:32]} Nxg3 {[%emt 0:01:49]} 19. Rxg3 {[%emt 0:00:07]} Kf7 {[%emt 0:01:52]} 20. Qg2 {[%emt 0:01:59]} Rhg8 {[%emt 0:00:26]} 21. b3 {[%emt 0:01:19]} b5 {[%emt 0:02:29]} 22. a3 {[%emt 0:03:44]} Na6 {[%emt 0:00:43]} 23. Rb1 {[%emt 0:12:42]} Rab8 {[%emt 0:00:57]} 24. Kc1 {[%emt 0:01:04]} Qd8 {[%emt 0:05:13]} 25. Qd2 {[%emt 0:10:25]} Rb7 {[%emt 0:01:46]} 26. Rg2 {[%emt 0:01:58]} Qh4 {[%emt 0:04:15]} 27. Rb2 {[%emt 0:00:44]} Nb8 {[%emt 0:04:53]} 28. Kb1 {[%emt 0:05:55]} Nc6 {[%emt 0:00:35]} 29. Ka2 {[%emt 0:04:09]} Rgb8 {[%emt 0:00:30]} 30. Qc1 {[%emt 0:01:09]} Qd8 {[%emt 0:02:26]} 31. Qe1 {[%emt 0:01:13]} Qb6 {[%emt 0:02:06]} 32. Qf2 {[%emt 0:04:15]} Qa6 {[%emt 0:01:35]} 33. cxb5 {[%emt 0:03:39]} Nb4+ {[%emt 0:01:59]} 34. Kb1 {[%emt 0:00:25]} Qxa3 {[%emt 0:00:14]} 35. Qe1 {[%emt 0:03:14]} Rxb5 {[%emt 0:07:02]} 36. Qg3 {[%emt 0:00:57]} g6 {[%emt 0:03:12]} 37. Qh4 {[%emt 0:00:26]} Ra5 {[%emt 0:05:18]} 38. Qf6+ {[%emt 0:01:55]} Ke8 {[%emt 0:00:29]} 39. Qxe6+ {[%emt 0:01:14]} Kd8 {[%emt 0:00:11]} 40. Qd6+ {[%emt 0:00:38]} Kc8 {[%emt 0:00:15]} 41. Qe6+ {[%emt 0:32:52]} Kb7 {[%emt 0:30:48]} 42. Ra2 {[%emt 0:00:00]} Nxa2 {[%emt 0:00:00]} 43. Qd7+ {[%emt 0:00:00]} Ka6 {[%emt 0:00:00]} 44. Qe6+ {[%emt 0:00:00]} Kb7 {[%emt 0:00:00]} 45. Qd7+ {[%emt 0:00:00] normal} 1/2-1/2

[Event "GER-ch Youth ODJM 2019"]
[Site "Willingen"]
[Date "2019.06.12"]
[Round "5.8"]
[White "Reuter, Julian-Frank"]
[Black "Laag, Pascal"]
[Result "1-0"]
[WhiteElo "1733"]
[BlackElo "1699"]
[Annotator "NA"]
[PlyCount "49"]
[EventDate "2019.06.07"]
[EventType "swiss"]
[EventRounds "9"]
[EventCountry "GER"]
[SourceTitle "playchess.com"]
[Source "ChessBase"]
[SourceQuality "1"]
[TimeControl "40/5400+30:1800+30"]

1. e4 {[%emt 0:00:00]} e5 {[%emt 0:00:00]} 2. Nf3 {[%emt 0:00:00]} Nc6 {[%emt 0:00:00]} 3. Bc4 {[%emt 0:00:00]} Bc5 {[%emt 0:00:00]} 4. c3 {[%emt 0:00:00]} Nf6 {[%emt 0:00:01]} 5. d3 {[%emt 0:00:00]} O-O {[%emt 0:00:05]} 6. O-O {[%emt 0:00:00]} d5 {[%emt 0:00:24]} 7. exd5 {[%emt 0:00:05]} Nxd5 {[%emt 0:00:09]} 8. Re1 {[%emt 0:00:02]} Be6 {[%emt 0:00:15]} 9. Bb3 {[%emt 0:04:03]} h6 {[%emt 0:06:31]} 10. Nbd2 {[%emt 0:05:33]} Bd6 {[%emt 0:13:33]} 11. Nc4 {[%emt 0:01:35]} Nb6 {[%emt 0:07:40]} 12. Ncxe5 {[%emt 0:01:57]} Bxb3 {[%emt 0:03:08]} 13. axb3 {[%emt 0:00:21]} Nxe5 {[%emt 0:00:44]} 14. Nxe5 {[%emt 0:00:06]} Re8 {[%emt 0:01:43]} 15. Nf3 {[%emt 0:00:22]} Nd5 {[%emt 0:02:15]} 16. Rxe8+ {[%emt 0:05:31]} Qxe8 {[%emt 0:00:01]} 17. Nd4 {[%emt 0:00:30]} Qe5 {[%emt 0:01:53]} 18. g3 {[%emt 0:03:49]} a6 {[%emt 0:00:41]} 19. Qg4 {[%emt 0:01:59]} Qe1+ {[%emt 0:01:55]} 20. Kg2 {[%emt 0:00:07]} Nf6 {[%emt 0:00:11]} 21. Qe2 {[%emt 0:03:27]} Re8 {[%emt 0:00:17]} 22. Qxe1 {[%emt 0:00:40]} Rxe1 {[%emt 0:00:06]} 23. Nc2 {[%emt 0:05:21]} Re2 {[%emt 0:00:42]} 24. Ne3 {[%emt 0:00:24]} g5 {[%emt 0:08:18]} 25. Kf1 {[%emt 0:00:14] normal} 1-0